[Event "Santo Domingo U2000 op"]
[Site "Santo Domingo"]
[Date "2017.06.10"]
[Round "6"]
[White "Taveras Veras, Felix Miguel"]
[Black "De la Rosa, Isaias"]
[Result "0-1"]
[WhiteElo "1604"]
[BlackElo "1794"]
[PlyCount "52"]
[EventDate "2017.06.02"]
[EventType "swiss"]
[EventRounds "8"]
[EventCountry "DOM"]
[SourceTitle "CBM 178 Extra"]
[Source "ChessBase"]
[SourceDate "2017.06.22"]
[SourceVersion "1"]
[SourceVersionDate "2017.06.22"]
[SourceQuality "1"]

1. d4 Nf6 2. c4 e6 3. Nc3 d5 4. Nf3 Be7 5. e3 0-0 6. Bd3 dxc4 7. Bxc4 b6 8. 0-0 Bb7 9. a3 Nbd7 10. b4 Rc8 11. Bb2 c5 12. bxc5 bxc5 13. Bb5 cxd4 14. Nxd4 Nc5 15. Na4 Nxa4 16. Qxa4 Qb6 17. Bc1 Ne4 18. Bd3 Nc5 19. Qb5 Nxd3 20. Qxd3 Ba6 21. Qe4 Bxf1 22. Kxf1 Qc7 23. Bb2 Qxh2 24. Qg4 Bf6 25. Rd1 Rc4 26. Ba1 e5 0-1

[Event "Santo Domingo U2080 op"]
[Site "Santo Domingo"]
[Date "2016.06.11"]
[Round "2"]
[White "De la Rosa, Isaias"]
[Black "Jimenez Matos, Jimmy"]
[Result "0-1"]
[WhiteElo "1804"]
[BlackElo "1945"]
[PlyCount "94"]
[EventDate "2016.06.10"]
[EventType "swiss"]
[EventRounds "8"]
[EventCountry "DOM"]
[SourceTitle "CBM 172 Extra"]
[Source "ChessBase"]
[SourceDate "2016.06.21"]
[SourceVersion "1"]
[SourceVersionDate "2016.06.21"]
[SourceQuality "1"]

1. c4 c6 2. Nc3 d5 3. cxd5 cxd5 4. d4 Nf6 5. g3 e6 6. Bf4 Nc6 7. Bg2 a6 8. Nf3 Bd7 9. a3 Be7 10. 0-0 0-0 11. Rc1 Rc8 12. Re1 Qb6 13. b4 Qd8 14. Qd3 Na7 15. Ne5 Bb5 16. Nxb5 Nxb5 17. Rxc8 Qxc8 18. Rc1 Qd8 19. a4 Nd6 20. b5 axb5 21. axb5 Qb6 22. Rb1 Rc8 23. e3 h6 24. g4 Ra8 25. g5 hxg5 26. Bxg5 Bd8 27. Bxf6 Bxf6 28. Nd7 Qd8 29. Nc5 Ra2 30. Qb3 Qa5 31. Qb4 Qxb4 32. Rxb4 Bh4 33. Nd3 b6 34. Bf1 Ne4 35. f3 Nd2 36. Be2 Nc4 37. Bf1 Nxe3 38. Rb1 Rd2 39. Ne5 Bf2+ 40. Kh1 Nxf1 41. Rxf1 Bxd4 42. Nc6 Bc5 43. Ra1 Rb2 44. h4 d4 45. h5 d3 46. Ra8+ Kh7 47. Ne5 d2 0-1

[Event "DOM-ch U20"]
[Site "Santo Domingo"]
[Date "2015.09.27"]
[Round "8"]
[White "Perez Feliz, Jose Enrique"]
[Black "De la Rosa, Isaias"]
[Result "1/2-1/2"]
[WhiteElo "1893"]
[BlackElo "1589"]
[PlyCount "40"]
[EventDate "2015.09.24"]
[EventType "swiss"]
[EventRounds "8"]
[EventCountry "DOM"]
[SourceTitle "EXT 2017"]
[Source "ChessBase"]
[SourceDate "2016.10.25"]
[SourceVersion "1"]
[SourceVersionDate "2016.10.25"]
[SourceQuality "1"]

1. e4 e5 2. Nf3 Nc6 3. Bc4 Na5 4. Be2 Nf6 5. Nc3 d6 6. 0-0 Be7 7. d3 0-0 8. Be3 Nc6 9. d4 Ng4 10. Qd2 Nxe3 11. Qxe3 Bf6 12. d5 Nd4 13. Qd2 Nxf3+ 14. Bxf3 g6 15. Be2 Bg7 16. Bb5 Bd7 17. Bxd7 Qxd7 18. Qd3 Qg4 19. Qe2 Qxe2 20. Nxe2 a6 1/2-1/2